<?xml version='1.0' encoding='UTF-8'?>
  <record xmlns="http://www.loc.gov/MARC21/slim">
    <leader>00000cam a22000007i 4500</leader>
    <controlfield tag="001">ocm65311309</controlfield>
    <controlfield tag="003">OCoLC</controlfield>
    <controlfield tag="005">20250625050822.7</controlfield>
    <controlfield tag="008">900627s1651    ne            000 0 dut d</controlfield>
    <datafield tag="040" ind1=" " ind2=" ">
      <subfield code="a">NLGGC</subfield>
      <subfield code="b">dut</subfield>
      <subfield code="e">fobidrtb</subfield>
      <subfield code="c">NLGGC</subfield>
    </datafield>
    <datafield tag="029" ind1="0" ind2=" ">
      <subfield code="a">NLGGC</subfield>
      <subfield code="b">063465655</subfield>
    </datafield>
    <datafield tag="035" ind1=" " ind2=" ">
      <subfield code="a">(OCoLC)65311309</subfield>
    </datafield>
    <datafield tag="245" ind1="0" ind2="0">
      <subfield code="a">Ampliatie ende naerder verclaringhe vanden placate vanden XXen Aprilis 1592 voorleden, jeghens verscheyden abusen, inconvenientien ende quade feyten, daer by die huysluyden ende anderen onder pretext van beterschap, uyt moet-willicheydt ofte andersins, haren gront-heeren ofte andere personen in ofte aen haren landen, huysen, gewas, have, plantagien ende goederen beschadighen.</subfield>
    </datafield>
    <datafield tag="250" ind1=" " ind2=" ">
      <subfield code="a">Op nieus gedruckt conform de resolutie vanden XVIIIen. Augusti 1640.</subfield>
    </datafield>
    <datafield tag="260" ind1=" " ind2=" ">
      <subfield code="a">Tot Utrecht :</subfield>
      <subfield code="b">ghedruckt by Amelis van Paddenburgh,</subfield>
      <subfield code="c">1651.</subfield>
    </datafield>
    <datafield tag="300" ind1=" " ind2=" ">
      <subfield code="a">? ;</subfield>
      <subfield code="c">19 cm (4-o)</subfield>
    </datafield>
    <datafield tag="336" ind1=" " ind2=" ">
      <subfield code="a">tekst</subfield>
      <subfield code="b">txt</subfield>
      <subfield code="2">rdacontent/dut</subfield>
    </datafield>
    <datafield tag="337" ind1=" " ind2=" ">
      <subfield code="a">zonder medium</subfield>
      <subfield code="b">n</subfield>
      <subfield code="2">rdamedia/dut</subfield>
    </datafield>
    <datafield tag="338" ind1=" " ind2=" ">
      <subfield code="a">band</subfield>
      <subfield code="b">nc</subfield>
      <subfield code="2">rdacarrier/dut</subfield>
    </datafield>
    <datafield tag="500" ind1=" " ind2=" ">
      <subfield code="a">Onderdeel van: Placaet vande Heeren Staten van den Lande van Utrecht jegens verscheyden abusen.</subfield>
    </datafield>
    <datafield tag="776" ind1="0" ind2=" ">
      <subfield code="t">Ampliatie ende naerder verclaringhe vanden placate vanden XXen Aprilis 1592 voorleden, jeghens verscheyden abusen, inconvenientien ende quade feyten, daer by die huysluyden ende anderen onder pretext van beterschap, uyt moet-willicheydt ofte andersins, haren gront-heeren ofte andere personen in ofte aen haren landen, huysen, gewas, have, plantagien ende goederen beschadighen</subfield>
      <subfield code="w">(NL-LeOCL)425995550</subfield>
    </datafield>
    <datafield tag="776" ind1="0" ind2=" ">
      <subfield code="t">Ampliatie ende naerder verclaringhe vanden placate vanden XXen Aprilis 1592 voorleden, jeghens verscheyden abusen, inconvenientien ende quade feyten, daer by die huysluyden ende anderen onder pretext van beterschap, uyt moet-willicheydt ofte andersins, haren gront-heeren ofte andere personen in ofte aen haren landen, huysen, gewas, have, plantagien ende goederen beschadighen</subfield>
      <subfield code="w">(NL-LeOCL)425995569</subfield>
    </datafield>
    <datafield tag="936" ind1=" " ind2=" ">
      <subfield code="a">BATCHLOAD</subfield>
    </datafield>
  </record>